Largest Municipalities in Oklahoma by First Letter - Statistics

General Stats
  • This quiz has been taken 14 times
  • The average score is 11 of 24
Answer Stats
First Letter County Population Municipality % Correct
O Oklahoma 715,893 Oklahoma City
100%
T Tulsa 410,722 Tulsa
100%
B Tulsa 122,704 Broken Arrow
92%
N Cleveland 131,302 Norman
92%
K Kingfisher 5,145 Kingfisher
69%
L Comanche 90,169 Lawton
69%
S Payne 50,282 Stillwater
69%
E Oklahoma 100,339 Edmond
62%
M Cleveland 63,747 Moore
46%
P Kay 24,265 Ponca City
46%
Y Canadian 28,118 Yukon
46%
A Carter 24,925 Ardmore
38%
J Tulsa 28,537 Jenks
38%
C Rogers 20,891 Claremore
31%
D Stephens 23,515 Duncan
31%
G Tulsa 14,773 Glenpool
23%
H Oklahoma 6,691 Harrah
23%
I McCurtain 6,960 Idabel
23%
W Custer 11,994 Weatherford
23%
F Muskogee 3,842 Fort Gibson
15%
Q Pittsburg 839 Quinton
15%
R Sequoyah 4,136 Roland
15%
U Canadian 2,166 Union City
15%
V Rogers 6,005 Verdigris
15%
No matching quizzes found
Score Distribution
Percent of People with Each Score
Percentile by Number Answered
Your Score History
You have not taken this quiz